2011 Champions League Final FC Barcelona - Manchester United - Statistics

General Stats
  • This quiz has been taken 1,873 times
  • The average score is 22 of 29
Answer Stats
Player % Correct
Lionel Messi ¹
99%
Andrés Iniesta
98%
Xavi
98%
Gerard Piqué
96%
Sergio Busquets
95%
Víctor Valdés
94%
Wayne Rooney ¹
94%
Carles Puyol
91%
Dani Alves
89%
Edwin van der Sar
89%
Rio Ferdinand
89%
Pedro ¹
88%
David Villa ¹
86%
Pep Guardiola
86%
Alex Ferguson
84%
Nemanja Vidić
84%
Eric Abidal
79%
Patrice Evra
78%
Paul Scholes
77%
Ryan Giggs
72%
Javier Mascherano
69%
Michael Carrick
69%
Nani
63%
Park Ji-sung
59%
Antonio Valencia
46%
Javier Hernández
35%
Fábio
30%
Seydou Keita
27%
Ibrahim Afellay
14%
No matching quizzes found
Score Distribution
Percent of People with Each Score
Percentile by Number Answered
Your Score History
You have not taken this quiz